000 01068nam0a22002531 4500
001 rc\3564539
005 20260407144641.0
021 _aRU
_b[76-67188]
035 _a(NLR Aleph) 007798293
090 _a7674688
_c7674688
100 _a20130115d1976 |||y0rusy50 ca
101 0 _arus
102 _aRU
105 _ay z |||||
200 1 _aРекомендации по организации систем подготовки и повышения квалификации кадров в области стандартизации метрологии и качества в союзных республиках
_fВсесоюз. науч.-исслед. ин-т стандартизации
210 _aМосква
_cВНИИС
_d1976
215 _a12 с.
_d20
606 _aСлужба стандартизации
_xКадры
_xПодготовка
_2psbo
712 0 2 _aВНИИ стандартизации
_3RU\NLR\AUTH\8810020283
_9538563
801 0 _aRU
_bNLR
_gpsbo
801 1 _aRU
_bELAR
_2rusmarc
852 _aNLR
_j77-4/3626
942 _cBOOK
980 _aNB